000 00290nam a22001097a 4500
082 _a347
100 _aN,Vijayaraghavan
_983362
245 _aSUPREME Court Of India Musings,Anecdotes & Episodes
260 _aHaryana
_bOakbridge Publishing
_c2024
650 _aCourt
_93422
942 _cC. BOOKS
999 _c68248
_d68248